| 000 | 00575cam a2200145 4500500 | ||
|---|---|---|---|
| 005 | 20251228051729.0 | ||
| 041 | _afre | ||
| 042 | _adc | ||
| 100 | 1 | 0 |
_aKernaghan, Kenneth _eauthor |
| 245 | 0 | 0 | _aDans l'intérêt de tous : 75 ans de l'Institut International des Sciences Administratives |
| 260 | _c2005. | ||
| 500 | _a2 | ||
| 786 | 0 | _nRevue Internationale des Sciences Administratives | 71 | 2 | 2005-06-01 | p. 201-202 | 0303-965X | |
| 856 | 4 | 1 | _uhttps://droit.cairn.info/revue-internationale-des-sciences-administratives-2005-2-page-201?lang=fr&redirect-ssocas=7080 |
| 999 |
_c1582113 _d1582113 |
||